Subhasita-ratna-bhandagara orgems of sanskrit poetry: being a collection of witty epigrammatic, instrictive and descriptive verses (Record no. 65629)
[ view plain ]
| 000 -LEADER | |
|---|---|
| fixed length control field | 00487nam a2200145Ia 4500 |
| 008 - FIXED-LENGTH DATA ELEMENTS--GENERAL INFORMATION | |
| fixed length control field | 230917s9999||||xx |||||||||||||| ||und|| |
| 040 ## - CATALOGING SOURCE | |
| -- | 69931 |
| Original cataloging agency | VIVEKANANDA LIBRARY |
| 041 ## - Language | |
| -- | English |
| 082 ## - DDC NUMBER | |
| Classification number | 891.2109 P211S |
| 100 ## - MAIN ENTRY--PERSONAL NAME | |
| Personal name | Parab, Kashinatha Pandurang |
| 245 #0 - TITLE STATEMENT | |
| Title | Subhasita-ratna-bhandagara orgems of sanskrit poetry: being a collection of witty epigrammatic, instrictive and descriptive verses |
| 260 ## - PUBLICATION, DISTRIBUTION, ETC. (IMPRINT) | |
| Place of publication, distribution, etc | Delhi |
| Name of publisher, distributor, etc | Eastern Book University |
| Date of publication, distribution, etc | 1991 |
| 300 ## - PHYSICAL DESCRIPTION | |
| Pages | various pages p. |
| 942 ## - ADDED ENTRY ELEMENTS (KOHA) | |
| Koha item type | Books |
| Withdrawn status | Lost status | Damaged status | Not for loan | Location (home branch) | Sublocation or collection (holding branch) | Date acquired | Koha issues (times borrowed) | Koha full call number | Accession No. | Koha date last seen | Koha item type |
|---|---|---|---|---|---|---|---|---|---|---|---|
| VIVEKANANDA LIBRARY | VIVEKANANDA LIBRARY | 30/01/2003 | 891.2109 P211S | 138020 | 17/09/2023 | Books |
